1993 Albums by Picture of Cover - Statistics

General Stats
  • This quiz has been taken 128 times
  • The average score is 7 of 15
Answer Stats
Picture Answer % Correct
Nirvana – In Utero
97%
Radiohead – Pablo Honey
74%
Smashing Pumpkins – Siamese Dream
65%
The Bodyguard
61%
Pearl Jam – Vs.
59%
Lenny Kravitz – Are You Gonna Go My Way
52%
Mariah Carey – Music Box
47%
Wu-Tang Clan – Enter the Wu-Tang (36 Chambers)
41%
Guns N' Roses – "The Spaghetti Incident?"
39%
Counting Crows – August and Everything After
37%
Tool – Undertow
32%
The Breeders – Last Splash
30%
Primus – Pork Soda
22%
Billy Joel – River of Dreams
20%
Liz Phair – Exile in Guyville
17%
No matching quizzes found
Score Distribution
Percent of People with Each Score
Percentile by Number Answered
Your Score History
You have not taken this quiz